| 000 | 00000nas 2200000za 4500 |
| 001 | 9.855604 |
| 003 | CaOODSP |
| 005 | 20221107155335 |
| 007 | cr ||||||||||| |
| 008 | 180420d19371947oncar p oss f0###a0eng|d |
| 040 | |aCaOODSP|beng |
| 043 | |an-cn--- |
| 086 | 1 |aCS47-204E-PDF |
| 245 | 00|aReport on the sporting goods industry in Canada |h[electronic resource]. |
| 246 | 16|aSporting goods industry in Canada |
| 260 | |aOttawa : |bDominion Bureau of Statistics, General Manufactures Branch, |c1939-1949. |
| 310 | |aAnnual |
| 362 | 0 |a1937-1947. |
| 500 | |aCover title. |
| 500 | |aSome issues lack cover and cover title. |
| 550 | |aIssued 1945-1946 by General Manufacturing Statistics; 1947 by General Manufactures Section. |
| 692 | 07|2gccst|aManufacturing industry |
| 710 | 1 |aCanada. |bDominion Bureau of Statistics. |
| 710 | 1 |aCanada. |bCensus of Industry. |bGeneral Manufactures Branch. |
| 710 | 1 |aCanada. |bDominion Bureau of Statistics. |bGeneral Manufactures Section. |
| 710 | 1 |aCanada.|bCensus of Industry.|bGeneral Manufacturing Statistics. |
| 780 | 00|tSporting goods |w(CaOODSP)9.855585 |
| 785 | 00|tThe sporting goods industry |w(CaOODSP)9.855610 |